000 00528nam a2200181Ia 4500
999 _c10891
_d10891
003 OSt
005 20191226120012.0
008 190216s9999||||xx |||||||||||||| ||und||
020 _a9780521683197
040 _coclc
082 _a330
_bANT/M
100 _aAnthony, Martin
_9783
245 0 _aMathematics For Economics And Finance /
_cMartin Anthony ; Norman Biggs
260 _bCambridge Uty Press,
_a1966.
_cUK:
300 _a394p
650 _aEconomics
942 _cBK
_2ddc
_h330
_iANT/M
_k330
_mANT/M